header

Quality and qualities (Record no. 194950)

MARC details
000 -LEADER
fixed length control field 01655nam a2200385 a 4500
245 00 - TITLE STATEMENT
Title Quality and qualities
260 ## - PUBLICATION, DISTRIBUTION, ETC. (IMPRINT)
Place of publication Rotterdam ;
-- Boston :
Name of publisher Sense Publishers :
-- United Nations Educational, Scientific and Cultural Organization :
-- International Bureau of Education,
Year of publication c2012.
300 ## - PHYSICAL DESCRIPTION
Number of Pages vii, 213 p. :
Other physical details ill.
490 1# - SERIES STATEMENT
Series statement Comparative and international education : a diversity of voices ;
650 #0 - SUBJECT ADDED ENTRY--TOPICAL TERM
Topical Term Educational change.
Topical Term Education and state.
700 1# - ADDED ENTRY--PERSONAL NAME
Personal name Acedo, Clementina.
Personal name Adams, Don.
Personal name Popa, Simona.
856 40 - ELECTRONIC LOCATION AND ACCESS
Uniform Resource Identifier http://site.ebrary.com/lib/rucke/Doc?id=10602398

No items available.

© 2026 Rongo University
Contact us: librarian | system librarian | Rongo university